| 000 | 00496nam a2200181Ia 4500 | ||
|---|---|---|---|
| 008 | 100920s9999 xx 000 0 und d | ||
| 082 |
_b3506 _a5 थ 75 |
||
| 100 | _aSENGUPTA S.C. | ||
| 245 | _aSARATCHANDRA MAN AND ARTIST. | ||
| 260 |
_bSAHITYA AKADEMI, NEW DELHI. _c1975 |
||
| 300 |
_a110 _bसाधी |
||
| 365 | _b10 | ||
| 520 | _aई.एल. ई. | ||
| 630 | _aSARATCHANDRA MAN AND ARTIST. | ||
| 650 | _aई.एल. ई. | ||
| 730 | _aSARATCHANDRA MAN AND ARTIST. | ||
| 942 | _cBOOK | ||
| 999 |
_c673542 _d673539 |
||